Απειροστικός λογισμός Ι [και] MATLAB

Αποθηκεύτηκε σε:
Λεπτομέρειες βιβλιογραφικής εγγραφής
Κύριος συγγραφέας: Γλαμπεδάκης, Μιχάλης
Άλλοι συγγραφείς: Γλαμπεδάκης, Αντώνης
Μορφή: Βιβλίο
Γλώσσα:Greek
Δημοσίευση: Αθήνα : Ίων, 2014.
Θέματα:
Ετικέτες: Προσθήκη ετικέτας
Δεν υπάρχουν, Καταχωρήστε ετικέτα πρώτοι!

MARC

LEADER 00000nam a2200000 a 4500
001 1/110862
008 160530s2014####gr | ||| |||| ||gre||
020 |a 9789605081461  
040 |a GR-MyUa  |b gre  |c GR-MyUa  |e AACR2 
041 0 |a gre 
082 7 |a 515   |2 (23)  
100 1 |a Γλαμπεδάκης, Μιχάλης. 
245 1 0 |a Απειροστικός λογισμός Ι [και] MATLAB /   |c Μιχάλης Γλαμπεδάκης, Αντώνης Γλαμπεδάκης.  
260 |a Αθήνα :   |b Ίων,   |c 2014.  
300 |a 944 σ. ;   |c 24 εκ.  
500 |a Διανυσματικός λογισμός, αναλυτική γεωμετρία, συναρτησιακή ανάλυση, διαφορικός λογισμός, ολοκληρωτικός λογισμός, ακολουθίες, πρόοδοι, σειρές, MATLAB, ιστορικά στοιχεία.  
650 0 |a Mathematics  |x Computer programs. 
650 0 |a Calculus. 
700 1 |a Γλαμπεδάκης, Αντώνης. 
852 |a INST  |b LESVOS  |c EUDOXUS  |e 20160530  |h 515 ΓΛΑ  |p 005100058570  |q 005100058570  |t EDX  |y 0 
920 |a Εύδοξος  |b Παραγγελία  |y Λέσβος-ΤΠ  |z 2016-04 
970 |a Τζαφέρη  |b Ευαγγελία  |z 30-05-2016